Por la unión latinoamericana: Tarea del movimiento de los trabajadores

Guardat en:
Dades bibliogràfiques
Autor corporatiu: Central Latinoamericana de Trabajadores
Format: Text
Publicat: Caracas: DECOS-CLAT
Etiquetes: Afegir etiqueta
Sense etiquetes, Sigues el primer a etiquetar aquest registre!

MARC

LEADER 00000 a a2200000 04500
001 25346
003
040
020 |a 0-917049-14-4  
090 |a 181200  
110 |a Central Latinoamericana de Trabajadores  
245 |a Por la unión latinoamericana: Tarea del movimiento de los trabajadores  
260 |a Caracas:   |b DECOS-CLAT  
300 |a 423 p.  
999 |c 8659  |d 8659